Presidents of the Continental Congress Under the Articles of Confederation - Statistics

General Stats
  • This quiz has been taken 8 times
  • The average score is 3 of 10
Answer Stats
Date Name % Correct
November 1785-May 1786 John Hancock
75%
November 1781-November 1782 John Hanson
50%
November 1784-November 1785 Richard Henry Lee
50%
February 1787-November 1787 Arthur St.Clair
25%
January 1788-November 1788 Cyrus Griffin
25%
November 1782-November 1783 Elias Boudinot
25%
March 1781-July 1781 Samuel Huntington
25%
July 1781-November 1781 Thomas McKean
25%
November 1783-October 1784 Thomas Mifflin
25%
June 1786-November 1786 Nathaniel Gorham
0%
No matching quizzes found
Score Distribution
Percent of People with Each Score
Percentile by Number Answered
Your Score History
You have not taken this quiz